[Event "Campeonato de España Universitario 2011"]
[Site "Alicante ESP"]
[Date "2011.05.09"]
[Round "3.12"]
[White "Pazos Porta, Antonio"]
[Black "Galan Martin, Pedro Juan"]
[Result "1-0"]
[WhiteElo "2318"]
[BlackElo "2109"]
[PlyCount "135"]
[EventDate "2011.05.09"]
[EventType "swiss"]
[EventRounds "9"]
[EventCountry "ESP"]
[Source "lmi"]
[SourceDate "2011.05.09"]

1. e4 c5 2. Nf3 d6 3. g3 Nf6 4. Nc3 g6 5. Bg2 Bg7 6. d4 cxd4 7. Nxd4 O-O 8. O-O
Bg4 9. Qd2 Qd7 10. Re1 Bh3 11. Bh1 Nc6 12. Nf3 Rac8 13. Nd5 Nxd5 14. exd5 Ne5
15. Nxe5 Bxe5 16. c3 b5 17. a4 bxa4 18. Re4 Qb5 19. Qe2 Qxe2 20. Rxe2 Rc4 21.
Bg5 Bf6 22. Bxf6 exf6 23. Re4 Rxe4 24. Bxe4 Rb8 25. Bg2 Bd7 26. Ra2 f5 27. Bf1
Rc8 28. Bd3 Rc5 29. c4 Kg7 30. f4 Kf6 31. Kf2 a5 32. Ke3 h6 33. Kd4 g5 34. Bc2
Bc8 35. Bxa4 Ba6 36. b3 h5 37. Re2 Rc8 38. Re8 Rc7 39. Ra8 Bc8 40. Rxa5 Re7 41.
Ra8 Re4+ 42. Kd3 Bb7 43. Rb8 gxf4 44. gxf4 Ba6 45. Rb6 Bc8 46. Rxd6+ Ke7 47.
Rc6 Kd8 48. Rh6 Rxf4 49. Rh8+ Kc7 50. d6+ Kxd6 51. Rxc8 Rh4 52. Rc6+ Ke7 53.
Rc7+ Ke6 54. c5 Rxh2 55. Kc4 f4 56. Bd7+ Kf6 57. Bc6 h4 58. Bd5 Rc2+ 59. Kb5
Ke5 60. Bxf7 f3 61. Bc4 f2 62. Rf7 h3 63. c6 h2 64. c7 h1=Q 65. c8=Q Kd4 66.
Qc5+ Kc3 67. Bd5+ Kb2 68. Bxh1 1-0

[Event "Campeonato de España Universitario 2011"]
[Site "Alicante ESP"]
[Date "2011.05.09"]
[Round "3.13"]
[White "Rodrigo Yanguas, Maria"]
[Black "Chueca Forcen, Alberto"]
[Result "0-1"]
[WhiteElo "2102"]
[BlackElo "2311"]
[PlyCount "39"]
[EventDate "2011.05.09"]
[EventType "swiss"]
[EventRounds "9"]
[EventCountry "ESP"]
[Source "lmi"]
[SourceDate "2011.05.09"]

1. e4 Nc6 2. Nf3 e5 3. d4 exd4 4. Nxd4 Nf6 5. Nxc6 bxc6 6. e5 Nd5 7. Qe2 Qe7 8.
b3 Ba6 9. c4 g5 10. Bb2 Bg7 11. Nd2 Nb4 12. Qe4 d5 13. Qf5 Bc8 14. Qb1 Bxe5 15.
Be2 Bxb2 16. O-O Bxa1 17. Qxa1 O-O 18. Bf3 g4 19. Bd1 Bf5 20. Nb1 0-1

[Event "Campeonato de España Universitario 2011"]
[Site "Alicante ESP"]
[Date "2011.05.09"]
[Round "3.14"]
[White "Vega Gutierrez, Sabrina"]
[Black "Calvo Galve, Nestor"]
[Result "1-0"]
[WhiteElo "2306"]
[BlackElo "2055"]
[PlyCount "96"]
[EventDate "2011.05.09"]
[EventType "swiss"]
[EventRounds "9"]
[EventCountry "ESP"]
[Source "lmi"]
[SourceDate "2011.05.09"]

1. e4 e5 2. Nf3 Nc6 3. Bb5 a6 4. Bxc6 dxc6 5. O-O Bg4 6. h3 h5 7. d3 Qf6 8. Be3
Bxf3 9. Qxf3 Qxf3 10. gxf3 f6 11. Nd2 Bd6 12. Nc4 g5 13. Rfd1 Ne7 14. d4 Rg8
15. Kf1 O-O-O 16. c3 Ng6 17. Ke2 exd4 18. Nxd6+ Rxd6 19. Rxd4 Rxd4 20. cxd4 Kd7
21. Rc1 Kd6 22. Rc5 b6 23. Rc1 Re8 24. Rg1 Ke6 25. f4 Kf7 26. fxg5 Rxe4 27.
gxf6 Re6 28. Rg3 Kxf6 29. Rf3+ Ke7 30. Rf5 h4 31. Kf3 Kd6 32. Kg4 Re4+ 33. Kf3
Re6 34. Rg5 Ke7 35. Kg4 Kf6 36. Kh5 Nf8 37. Kxh4 Nh7 38. Rg4 Nf8 39. Kg3 Ng6
40. h4 Kf7 41. h5 Ne7 42. Rf4+ Kg7 43. Rg4+ Kf7 44. Rf4+ Kg7 45. Kf3 Rd6 46.
Re4 Nf5 47. Kg4 Rf6 48. Bg5 Nh6+ 1-0

[Event "Campeonato de España Universitario 2011"]
[Site "Alicante ESP"]
[Date "2011.05.09"]
[Round "3.15"]
[White "Perez Garcia, Jose Miguel"]
[Black "Fernandez Borrego, Pablo"]
[Result "0-1"]
[WhiteElo "2022"]
[BlackElo "2302"]
[PlyCount "96"]
[EventDate "2011.05.09"]
[EventType "swiss"]
[EventRounds "9"]
[EventCountry "ESP"]
[Source "lmi"]
[SourceDate "2011.05.09"]

1. d4 e6 2. Nf3 Nf6 3. g3 d5 4. Bg2 Be7 5. O-O O-O 6. c4 dxc4 7. Qc2 a6 8. Qxc4
b5 9. Qc2 Bb7 10. Bd2 Nbd7 11. Ba5 Rc8 12. Nbd2 Nb8 13. Nb3 Be4 14. Qc1 Nc6 15.
Bd2 Bxf3 16. Bxf3 Nxd4 17. Nxd4 Qxd4 18. Be3 Qd8 19. Bb7 Rb8 20. Rd1 Bd6 21.
Qc6 Ng4 22. Bd4 Qg5 23. h3 Nh6 24. Be3 Qh5 25. Kg2 Nf5 26. Ba7 Qxe2 27. Qf3
Rbd8 28. Rac1 Qxf3+ 29. Bxf3 g6 30. Bb7 Be5 31. b3 Kg7 32. f4 Bb2 33. Rb1 Bd4
34. Bxd4+ Rxd4 35. Rxd4 Nxd4 36. Rd1 c5 37. Rc1 Rb8 38. Be4 Rc8 39. Bd3 Kf6 40.
Kf2 h5 41. Ke3 Nf5+ 42. Kf3 Nd6 43. Ke3 c4 44. bxc4 Nxc4+ 45. Bxc4 Rxc4 46.
Rxc4 bxc4 47. Kd4 Kf5 48. Kxc4 h4 0-1

[Event "Campeonato de España Universitario 2011"]
[Site "Alicante ESP"]
[Date "2011.05.09"]
[Round "4.1"]
[White "Martin Fuentes, Alberto"]
[Black "Alsina Leal, Daniel"]
[Result "0-1"]
[WhiteElo "2322"]
[BlackElo "2545"]
[PlyCount "130"]
[EventDate "2011.05.09"]
[EventType "swiss"]
[EventRounds "9"]
[EventCountry "ESP"]
[Source "lmi"]
[SourceDate "2011.05.09"]

1. e4 c5 2. Nc3 Nc6 3. d3 g6 4. g3 Bg7 5. Bg2 d6 6. Be3 e5 7. Qd2 Nge7 8. Bh6
Bxh6 9. Qxh6 Nd4 10. O-O-O Be6 11. Bh3 Qd7 12. Bxe6 Qxe6 13. Kb1 O-O-O 14. f4
Kb8 15. Qh3 exf4 16. gxf4 Qxh3 17. Nxh3 f5 18. Rde1 fxe4 19. Rxe4 Ndf5 20. Rhe1
Rd7 21. Ne2 d5 22. Re6 Nc6 23. Ng3 Ncd4 24. Re8+ Rxe8 25. Rxe8+ Kc7 26. Ng5 h6
27. Ne6+ Nxe6 28. Rxe6 Re7 29. Rxe7+ Nxe7 30. d4 cxd4 31. Kc1 Kd6 32. Kd2 Ke6
33. Kd3 Nc6 34. a3 a5 35. b3 Kf6 36. Ne2 Kf5 37. Nxd4+ Kxf4 38. Kc3 Nxd4 39.
Kxd4 Kf5 40. Kxd5 Kg4 41. c4 Kh3 42. b4 axb4 43. axb4 Kxh2 44. b5 g5 45. c5 g4
46. c6 bxc6+ 47. bxc6 g3 48. c7 g2 49. c8=Q g1=Q 50. Qh8 Qg5+ 51. Ke6 h5 52.
Qb2+ Kh3 53. Qf2 Qg6+ 54. Ke7 Qe4+ 55. Kf7 h4 56. Qf1+ Kg3 57. Kg7 h3 58. Qg1+
Qg2 59. Qe3+ Qf3 60. Qg1+ Kh4 61. Qb6 h2 62. Qd8+ Kh3 63. Qh8+ Kg3 64. Qb8+ Kh3
65. Qh8+ Kg2 0-1

[Event "Campeonato de España Universitario 2011"]
[Site "Alicante ESP"]
[Date "2011.05.09"]
[Round "4.2"]
[White "Vila Gazquez, Xavier"]
[Black "Pazos Porta, Antonio"]
[Result "1-0"]
[WhiteElo "2494"]
[BlackElo "2318"]
[PlyCount "83"]
[EventDate "2011.05.09"]
[EventType "swiss"]
[EventRounds "9"]
[EventCountry "ESP"]
[Source "lmi"]
[SourceDate "2011.05.09"]

1. e4 e6 2. d4 d5 3. e5 c5 4. Nf3 Nc6 5. Bd3 cxd4 6. O-O Qc7 7. Re1 h6 8. h4
Bd7 9. a3 O-O-O 10. b4 Kb8 11. Bf4 f5 12. Nbd2 Be7 13. Nb3 g6 14. Qd2 Rc8 15.
Rac1 a6 16. Rb1 Na7 17. Nfxd4 Nb5 18. Bxb5 axb5 19. Nc5 Bxc5 20. bxc5 Qxc5 21.
Rb3 Rh7 22. Reb1 Qc4 23. Be3 g5 24. f3 gxh4 25. Ne2 Ne7 26. Rc3 Qa4 27. Rb4 Qa6
28. Bc5 Nc6 29. Rxh4 Na5 30. Bd6+ Ka8 31. Rxh6 Rxh6 32. Rxc8+ Bxc8 33. Qxh6 Nc4
34. Qf8 Qc6 35. Nd4 Qd7 36. g4 fxg4 37. fxg4 Ka7 38. g5 Ne3 39. Qf2 Ng4 40.
Nxb5+ Ka6 41. Qa7+ Kxb5 42. a4+ 1-0

[Event "Campeonato de España Universitario 2011"]
[Site "Alicante ESP"]
[Date "2011.05.09"]
[Round "4.3"]
[White "Chueca Forcen, Alberto"]
[Black "Almagro Llamas, Pablo"]
[Result "1-0"]
[WhiteElo "2311"]
[BlackElo "2465"]
[PlyCount "93"]
[EventDate "2011.05.09"]
[EventType "swiss"]
[EventRounds "9"]
[EventCountry "ESP"]
[Source "lmi"]
[SourceDate "2011.05.09"]

1. d4 Nf6 2. c4 e6 3. Nc3 Bb4 4. Qc2 c5 5. dxc5 Nc6 6. Nf3 Bxc5 7. Bg5 h6 8.
Bh4 Qa5 9. Bxf6 gxf6 10. g3 Nd4 11. Nxd4 Bxd4 12. Bg2 Bxc3+ 13. bxc3 Qc5 14.
Qd3 Rb8 15. O-O b6 16. Rfd1 Ke7 17. Rab1 d6 18. Rb5 Qc7 19. Rh5 Ba6 20. Rh4
Rbc8 21. Qd2 Rcd8 22. Qf4 Qc5 23. Rd3 Qg5 24. Qe4 Rc8 25. Rd4 Qc1+ 26. Bf1 Qxc3
27. e3 Rc5 28. Qg4 Rg5 29. Qd1 Rd8 30. Rxh6 Bb7 31. Bg2 Bxg2 32. Kxg2 Qa5 33.
Rh7 Qf5 34. Rh6 Qa5 35. h4 Re5 36. Rh7 Qxa2 37. Qf3 Rd7 38. Rf4 f5 39. Qh5 Kd8
40. Rxf7 Qa6 41. Kh2 Qb7 42. Qh8+ Kc7 43. Rxd7+ Kxd7 44. h5 Rc5 45. Qg7+ Kc8
46. Qf8+ Kc7 47. h6 1-0

[Event "Campeonato de España Universitario 2011"]
[Site "Alicante ESP"]
[Date "2011.05.09"]
[Round "4.4"]
[White "Vega Gutierrez, Sabrina"]
[Black "Aloma Vidal, Robert"]
[Result "0-1"]
[WhiteElo "2306"]
[BlackElo "2426"]
[PlyCount "104"]
[EventDate "2011.05.09"]
[EventType "swiss"]
[EventRounds "9"]
[EventCountry "ESP"]
[Source "lmi"]
[SourceDate "2011.05.09"]

1. e4 c5 2. Nf3 d6 3. d4 Nf6 4. Nc3 cxd4 5. Nxd4 Nc6 6. Be2 Nxd4 7. Qxd4 g6 8.
O-O Bg7 9. Bg5 O-O 10. Qd2 Be6 11. Rfe1 Qa5 12. Bf3 Rfe8 13. Nd5 Qxd2 14. Bxd2
Rac8 15. c3 Nd7 16. Be3 a6 17. Nb6 Nxb6 18. Bxb6 Rc6 19. Be3 Rc4 20. a4 Bd7 21.
a5 Bc6 22. Rad1 Bxe4 23. Bxe4 Rxe4 24. f3 Ra4 25. Bb6 Be5 26. Re2 Rc8 27. Kf2
Rc6 28. g3 e6 29. Rb1 Ra2 30. f4 Bf6 31. Ke3 d5 32. Kd3 Ra4 33. Rc2 Ra2 34.
Rbc1 Kf8 35. b3 Ra3 36. Rb1 Ke8 37. Kd2 Bd8 38. Bxd8 Kxd8 39. b4 Rc4 40. Re1 d4
41. Kd3 Rxb4 42. Re4 Kd7 43. Rxd4+ Rxd4+ 44. Kxd4 Rxa5 45. Rb2 Kc6 46. c4 b6
47. Kd3 Kc5 48. Ke4 f6 49. Kd3 Ra3+ 50. Kc2 Ra4 51. Kd3 Rxc4 52. Re2 Rd4+ 0-1

[Event "Campeonato de España Universitario 2011"]
[Site "Alicante ESP"]
[Date "2011.05.09"]
[Round "4.5"]
[White "Fernandez Borrego, Pablo"]
[Black "Rubio Mejia, Luis Ignacio"]
[Result "1/2-1/2"]
[WhiteElo "2302"]
[BlackElo "2403"]
[PlyCount "114"]
[EventDate "2011.05.09"]
[EventType "swiss"]
[EventRounds "9"]
[EventCountry "ESP"]
[Source "lmi"]
[SourceDate "2011.05.09"]

1. e3 d5 2. b3 Nf6 3. Bb2 c6 4. f4 g6 5. Nf3 Bg7 6. Be2 O-O 7. O-O c5 8. c4
dxc4 9. bxc4 b6 10. Ne5 Bb7 11. Bf3 Qc7 12. Nc3 Nc6 13. d4 cxd4 14. exd4 Rfd8
15. Nb5 Qc8 16. d5 Nxe5 17. fxe5 Qxc4 18. d6 Qxb5 19. Bxb7 Qxb2 20. exf6 Rxd6
21. Qg4 Bxf6 22. Bxa8 Qd4+ 23. Qxd4 Bxd4+ 24. Kh1 Be3 25. Rg1 Bxg1 26. Kxg1 Rd2
27. a4 e6 28. Rc1 Kg7 29. Bb7 Ra2 30. Rb1 a6 31. Bc6 b5 32. axb5 axb5 33. Rxb5
h5 34. Rb7 Ra5 35. Kf2 Rc5 36. Bd7 Kg8 37. Kf3 Rf5+ 38. Ke3 Re5+ 39. Kf3 Rf5+
40. Kg3 Rg5+ 41. Kh3 Rf5 42. g3 Rf2 43. Rb4 Kg7 44. Rf4 Rxf4 45. gxf4 Kf6 46.
Be8 Kf5 47. Bxf7 Kxf4 48. Bxe6 Kg5 49. Kg3 Kf6 50. Bc8 g5 51. Kf3 Ke5 52. Ba6
Kf5 53. Bd3+ Kf6 54. Ke4 g4 55. Kf4 h4 56. Bf1 g3 57. h3 Kg7 1/2-1/2

[Event "Campeonato de España Universitario 2011"]
[Site "Alicante ESP"]
[Date "2011.05.09"]
[Round "4.6"]
[White "Espinosa Aranda, Angel"]
[Black "Mayans Calvo, Mariano"]
[Result "0-1"]
[WhiteElo "2399"]
[BlackElo "2230"]
[PlyCount "96"]
[EventDate "2011.05.09"]
[EventType "swiss"]
[EventRounds "9"]
[EventCountry "ESP"]
[Source "lmi"]
[SourceDate "2011.05.09"]

1. e4 e6 2. d4 d5 3. e5 c5 4. c3 Nc6 5. Nf3 Qb6 6. a3 c4 7. Nbd2 Na5 8. g3 Bd7
9. h4 Ne7 10. Bh3 h6 11. O-O O-O-O 12. Re1 Kb8 13. Qe2 Ba4 14. Nf1 Nb3 15. Rb1
Nxc1 16. Rexc1 Rc8 17. Ne3 Nc6 18. Nd2 Na5 19. f4 g6 20. h5 Rg8 21. Kh2 Re8 22.
Ng4 Be7 23. Nxh6 Rh8 24. Nxf7 Rxh5 25. Qg4 Rf8 26. Qxg6 Rxh3+ 27. Kxh3 Be8 28.
Kg2 Bxf7 29. Qg7 Qc6 30. Rh1 Qa4 31. Rh8 Rxh8 32. Qxh8+ Kc7 33. Qh7 Qe8 34. Rh1
Nb3 35. Nf3 Bg6 36. Qg7 Be4 37. Kf2 Kb6 38. Rh8 Qd7 39. g4 Bh4+ 40. Rxh4 Qxg7
41. Ng5 Qg6 42. Rh8 Bb1 43. Rf8 Qc2+ 44. Kg3 Qxb2 45. f5 Qxc3+ 46. Kh4 Qe1+ 47.
Kh5 Qh1+ 48. Kg6 Nxd4 0-1

[Event "Campeonato de España Universitario 2011"]
[Site "Alicante ESP"]
[Date "2011.05.09"]
[Round "4.7"]
[White "Eyo Castro-Rial, Alberto"]
[Black "Camacho Collados, Jose"]
[Result "0-1"]
[WhiteElo "2185"]
[BlackElo "2380"]
[PlyCount "48"]
[EventDate "2011.05.09"]
[EventType "swiss"]
[EventRounds "9"]
[EventCountry "ESP"]
[Source "lmi"]
[SourceDate "2011.05.09"]

1. d4 Nf6 2. c4 g6 3. Nc3 d5 4. cxd5 Nxd5 5. Bd2 Nb6 6. Bf4 Bg7 7. Nf3 O-O 8.
e3 c5 9. dxc5 N6d7 10. Be2 Nc6 11. O-O Nxc5 12. Rc1 Bf5 13. Nd5 Ne6 14. b3 Nxf4
15. Nxf4 Qa5 16. Qd2 Qa3 17. Bd3 Rad8 18. Qe2 Bg4 19. Be4 Nb4 20. Rc7 e5 21.
Nd3 f5 22. Ndxe5 fxe4 23. Qc4+ Nd5 24. Rd1 Be6 0-1

[Event "Campeonato de España Universitario 2011"]
[Site "Alicante ESP"]
[Date "2011.05.09"]
[Round "4.8"]
[White "Tamajon Castilla, Francisco J"]
[Black "Valmaña Canto, Jaime"]
[Result "1/2-1/2"]
[WhiteElo "2030"]
[BlackElo "2335"]
[PlyCount "89"]
[EventDate "2011.05.09"]
[EventType "swiss"]
[EventRounds "9"]
[EventCountry "ESP"]
[Source "lmi"]
[SourceDate "2011.05.09"]

1. d4 g6 2. c4 Bg7 3. g3 c6 4. Bg2 d5 5. Nf3 Nf6 6. cxd5 cxd5 7. Ne5 O-O 8. O-O
e6 9. Nc3 Nfd7 10. f4 Nc6 11. Be3 f6 12. Nd3 Nb6 13. Bf2 f5 14. Ne5 Bd7 15. Rc1
Be8 16. e3 Rc8 17. Qe2 a6 18. Rfd1 Rc7 19. Be1 Nc8 20. a3 Nd6 21. Rd2 Na5 22.
Qd1 Qc8 23. Rdc2 Qd8 24. b4 Nac4 25. Nxd5 exd5 26. Bxd5+ Kh8 27. Bxc4 Ba4 28.
Bd3 Nb5 29. Rxc7 Bxd1 30. Rd7 Qb6 31. Rxd1 Bxe5 32. Bxb5 Bxf4 33. exf4 Qxb5 34.
Re7 Qd5 35. Bf2 Rc8 36. Rde1 Rc2 37. R7e2 Rc3 38. Re3 Rc2 39. R3e2 Rc4 40. Re5
Qf3 41. R5e3 Qd5 42. Re5 Qf3 43. R5e2 Qd5 44. Re5 Rc2 45. Be3 1/2-1/2

[Event "Campeonato de España Universitario 2011"]
[Site "Alicante ESP"]
[Date "2011.05.09"]
[Round "4.9"]
[White "Pena Gomez, Manuel"]
[Black "Alshameary Puente, Ismael"]
[Result "1-0"]
[WhiteElo "2421"]
[BlackElo "2023"]
[PlyCount "65"]
[EventDate "2011.05.09"]
[EventType "swiss"]
[EventRounds "9"]
[EventCountry "ESP"]
[Source "lmi"]
[SourceDate "2011.05.09"]

1. g3 Nf6 2. Bg2 g6 3. c4 Bg7 4. Nc3 O-O 5. e3 d6 6. Nge2 Nc6 7. O-O e5 8. d4
Bf5 9. h3 h5 10. a3 Qd7 11. Kh2 e4 12. b4 Rae8 13. Nf4 Nd8 14. Bb2 Ne6 15. Nxe6
Bxe6 16. d5 Bf5 17. Ne2 h4 18. Nd4 Qc8 19. Rc1 c5 20. dxc6 bxc6 21. Nxf5 Qxf5
22. Qxd6 Rd8 23. Qxc6 Rd2 24. g4 Qg5 25. Bxf6 Bxf6 26. Qxe4 Bb2 27. Rc2 Rfd8
28. f4 Qf6 29. c5 Qa6 30. Rf2 Rxf2 31. Rxf2 Qxa3 32. c6 Qc3 33. c7 1-0

[Event "Campeonato de España Universitario 2011"]
[Site "Alicante ESP"]
[Date "2011.05.09"]
[Round "4.10"]
[White "Lara Lopez, Jose"]
[Black "Roig Aguilar, Alejandro"]
[Result "1/2-1/2"]
[WhiteElo "2231"]
[BlackElo "2142"]
[PlyCount "94"]
[EventDate "2011.05.09"]
[EventType "swiss"]
[EventRounds "9"]
[EventCountry "ESP"]
[Source "lmi"]
[SourceDate "2011.05.09"]

1. e4 c5 2. Nc3 Nc6 3. f4 g6 4. Nf3 Bg7 5. Bc4 e6 6. e5 d5 7. exd6 Qxd6 8. d3
b6 9. O-O Nge7 10. Ne4 Qd7 11. c3 O-O 12. Qe2 Bb7 13. Neg5 Nd5 14. Ne5 Qc8 15.
Ngf3 Na5 16. Bb5 Nc6 17. Bd2 Qc7 18. Rae1 Rae8 19. a3 f6 20. Nxc6 Bxc6 21. Bxc6
Qxc6 22. c4 Nc7 23. Bc3 b5 24. g3 a6 25. Rc1 bxc4 26. dxc4 Re7 27. Rcd1 e5 28.
fxe5 fxe5 29. Ng5 h6 30. Rxf8+ Bxf8 31. Ne4 Bg7 32. Rd6 Qe8 33. Nxc5 Ne6 34.
Nxe6 Rxe6 35. Rxe6 Qxe6 36. Qe4 Kh7 37. b4 Qd6 38. Qd5 Qf6 39. a4 Qg5 40. Bd2
Qg4 41. Be3 Qe2 42. Bf2 e4 43. Qc5 Qd1+ 44. Kg2 Qf3+ 45. Kg1 Qd1+ 46. Kg2 Qf3+
47. Kh3 h5 1/2-1/2

[Event "Campeonato de España Universitario 2011"]
[Site "Alicante ESP"]
[Date "2011.05.09"]
[Round "4.11"]
[White "Antoli Royo, Joaquin Miguel"]
[Black "Rodriguez Perez, Angel Mariano"]
[Result "1-0"]
[WhiteElo "2434"]
[BlackElo "2139"]
[PlyCount "67"]
[EventDate "2011.05.09"]
[EventType "swiss"]
[EventRounds "9"]
[EventCountry "ESP"]
[Source "lmi"]
[SourceDate "2011.05.09"]

1. e4 d6 2. Nc3 g6 3. d4 Bg7 4. Bg5 Nd7 5. Qd2 c6 6. f4 b5 7. e5 Nb6 8. Ne4 f6
9. exf6 Nxf6 10. Bd3 Nc4 11. Qe2 Nxe4 12. Qxe4 d5 13. Qe2 Nxb2 14. Nf3 Nxd3+
15. cxd3 Bg4 16. Rc1 Rc8 17. O-O O-O 18. Qe3 Bxf3 19. Rxf3 Qd7 20. Rh3 Bf6 21.
Bh6 Bg7 22. f5 e5 23. fxg6 exd4 24. Qg3 Rf6 25. gxh7+ Kh8 26. Bg5 Rg6 27. Qh4
Qf5 28. Bd2 Rf8 29. Bb4 Bf6 30. Qh5 Rg5 31. Qf3 Qxf3 32. Rxf3 Rf7 33. Rxc6 Rg6
34. Bc5 1-0

[Event "Campeonato de España Universitario 2011"]
[Site "Alicante ESP"]
[Date "2011.05.09"]
[Round "4.12"]
[White "Camacho Collados, Marcos"]
[Black "Salvador Mura, Sergi"]
[Result "1/2-1/2"]
[WhiteElo "2376"]
[BlackElo "2136"]
[PlyCount "112"]
[EventDate "2011.05.09"]
[EventType "swiss"]
[EventRounds "9"]
[EventCountry "ESP"]
[Source "lmi"]
[SourceDate "2011.05.09"]

1. e4 c5 2. Nf3 Nc6 3. d4 cxd4 4. Nxd4 Nf6 5. Nc3 e5 6. Ndb5 d6 7. Bg5 a6 8.
Na3 b5 9. Bxf6 gxf6 10. Nd5 f5 11. g3 Bg7 12. Bg2 O-O 13. exf5 e4 14. c3 Bxf5
15. O-O Ne7 16. Nc2 Bg6 17. Nxe7+ Qxe7 18. Qd5 Qe5 19. Rfd1 Qxd5 20. Rxd5 Be5
21. a4 bxa4 22. Rxa4 f5 23. Bf1 Bf7 24. Rda5 Bb3 25. Bc4+ Bxc4 26. Rxc4 Rfb8
27. Nb4 Rb5 28. Ra2 a5 29. Nc6 Bf6 30. Rca4 d5 31. Nxa5 Kg7 32. Kf1 Kg6 33. h3
f4 34. gxf4 Kf5 35. R4a3 Kxf4 36. Ke2 Rab8 37. b4 Rc8 38. Kd2 d4 39. cxd4 Bxd4
40. Ke2 Rxb4 41. Nb3 Bb6 42. Nd2 Bd4 43. Rg3 h5 44. Ra5 Rc5 45. Rxc5 Bxc5 46.
Rc3 Bd4 47. Rc7 Rb2 48. Rf7+ Kg5 49. Rd7 Bc3 50. Ke3 Bxd2+ 51. Rxd2 Rxd2 52.
Kxd2 Kh4 53. Ke3 Kxh3 54. f4 exf3 55. Kxf3 h4 56. Kf2 Kh2 1/2-1/2

[Event "Campeonato de España Universitario 2011"]
[Site "Alicante ESP"]
[Date "2011.05.09"]
[Round "4.13"]
[White "Barranco Cara, Francisco Javier"]
[Black "Pallardo Lozoya, Jose Vicente"]
[Result "0-1"]
[WhiteElo "2122"]
[BlackElo "2365"]
[PlyCount "100"]
[EventDate "2011.05.09"]
[EventType "swiss"]
[EventRounds "9"]
[EventCountry "ESP"]
[Source "lmi"]
[SourceDate "2011.05.09"]

1. d4 e6 2. Nf3 b5 3. e4 Bb7 4. Bd3 c5 5. dxc5 Bxc5 6. O-O a6 7. Qe2 Nc6 8.
Nbd2 d6 9. c3 b4 10. c4 Nf6 11. b3 a5 12. Bb2 Qe7 13. Rad1 h5 14. Bb1 h4 15.
Ne1 Nh5 16. Nd3 Bb6 17. c5 dxc5 18. Nc4 Bc7 19. e5 Nd4 20. Bxd4 cxd4 21. Qg4
O-O-O 22. Nf4 Nxf4 23. Qxf4 g5 24. Qg4 Qc5 25. Rc1 Kb8 26. Qe2 d3 27. Qe3 Qd5
28. f3 g4 29. Rfd1 gxf3 30. Rxd3 Qb5 31. gxf3 Rhg8+ 32. Kf2 h3 33. Rxd8+ Bxd8
34. Rg1 Bh4+ 35. Kf1 Rd8 36. Bd3 Qd5 37. Be2 Be7 38. Rg7 Bc5 39. Qc1 Qd4 40.
Qe1 Bd5 41. Qg3 Bxc4 42. bxc4 Qa1+ 43. Qe1 Qd4 44. Qg3 Qa1+ 45. Qe1 Qxe5 46.
Qg3 Qxg3 47. Rxg3 a4 48. f4 Rd2 49. a3 bxa3 50. Ke1 a2 0-1

[Event "Campeonato de España Universitario 2011"]
[Site "Alicante ESP"]
[Date "2011.05.09"]
[Round "4.14"]
[White "Rabadan Velasco, Raul"]
[Black "Hidalgo Duque, Carlos"]
[Result "1-0"]
[WhiteElo "2353"]
[BlackElo "2134"]
[PlyCount "75"]
[EventDate "2011.05.09"]
[EventType "swiss"]
[EventRounds "9"]
[EventCountry "ESP"]
[Source "lmi"]
[SourceDate "2011.05.09"]

1. d4 d5 2. c4 e6 3. Nc3 Nf6 4. Nf3 c6 5. Qb3 dxc4 6. Qxc4 b5 7. Qd3 Nbd7 8. e4
a6 9. e5 Nd5 10. Ng5 Be7 11. h4 Bb7 12. Nxd5 cxd5 13. Nxh7 Bb4+ 14. Kd1 Rc8 15.
Ng5 Qe7 16. a3 Ba5 17. Bd2 Bxd2 18. Qxd2 f6 19. exf6 gxf6 20. Nf3 e5 21. Rc1
Rxc1+ 22. Kxc1 e4 23. Ne1 Nb6 24. Nc2 Kd7 25. Be2 Nc4 26. Qf4 a5 27. Bxc4 dxc4
28. d5 Bxd5 29. Rd1 Kc6 30. Nd4+ Kb6 31. Nxb5 Kxb5 32. Rxd5+ Kb6 33. Rd6+ Kc5
34. Rxf6 Rh5 35. g4 Rd5 36. Qe3+ Kb5 37. Rb6+ Ka4 38. Qc3 1-0

[Event "Campeonato de España Universitario 2011"]
[Site "Alicante ESP"]
[Date "2011.05.09"]
[Round "4.15"]
[White "Fernandez Barrera, Victor"]
[Black "Moreno Torralba, David"]
[Result "1-0"]
[WhiteElo "2327"]
[BlackElo "2115"]
[PlyCount "84"]
[EventDate "2011.05.09"]
[EventType "swiss"]
[EventRounds "9"]
[EventCountry "ESP"]
[Source "lmi"]
[SourceDate "2011.05.09"]

1. e4 g6 2. d4 c6 3. Nf3 Bg7 4. h3 Nf6 5. Bd3 O-O 6. O-O Qc7 7. Re1 d6 8. a4 e5
9. dxe5 dxe5 10. Be3 Nbd7 11. Nbd2 Nh5 12. a5 Re8 13. Bc4 Nf8 14. Ng5 Ne6 15.
a6 b6 16. c3 Nxg5 17. Bxg5 Bf6 18. Be3 Ng7 19. b4 Be6 20. Qe2 Rac8 21. Red1 Be7
22. Bh6 Bxc4 23. Nxc4 Ne6 24. Ne3 Bg5 25. Bxg5 Nxg5 26. Qg4 Ne6 27. Qh4 Qe7 28.
Qxe7 Rxe7 29. Rd6 f6 30. Rad1 Kf7 31. f3 b5 32. h4 Nf4 33. Kf2 Re6 34. Rd7+ Re7
35. g3 Ne6 36. h5 Rc7 37. R7d6 Nf8 38. Ng4 Re6 39. Rd8 Ke7 40. Rb8 Nd7 41. Rg8
Nf8 42. Rg7+ Ke8 1-0

[Event "Campeonato de España Universitario 2011"]
[Site "Alicante ESP"]
[Date "2011.05.10"]
[Round "5.1"]
[White "Alsina Leal, Daniel"]
[Black "Camacho Collados, Jose"]
[Result "0-1"]
[WhiteElo "2545"]
[BlackElo "2380"]
[PlyCount "108"]
[EventDate "2011.05.09"]
[EventType "swiss"]
[EventRounds "9"]
[EventCountry "ESP"]
[Source "lmi"]
[SourceDate "2011.05.09"]

1. e4 c5 2. Nf3 e6 3. d4 cxd4 4. Nxd4 Nc6 5. c4 Be7 6. Nc3 Nf6 7. Bg5 O-O 8.
Bxf6 Bxf6 9. Be2 Bg5 10. O-O e5 11. Nc2 d6 12. Nd5 a6 13. Qd3 b5 14. Rfd1 b4
15. Re1 a5 16. Red1 Be6 17. a3 bxa3 18. Nxa3 Ra7 19. Qd2 Bxd5 20. Qxd5 Nd4 21.
Bf1 Rc7 22. Nb5 Nxb5 23. cxb5 Rc2 24. Qxd6 Qa8 25. Qxe5 Bf6 26. Qd5 Rxb2 27. e5
Qxd5 28. Rxd5 Bd8 29. Rad1 Bb6 30. R5d2 Rxd2 31. Rxd2 Re8 32. Rd6 Re6 33. Rxe6
fxe6 34. Bc4 Bd4 35. Kf1 Bxe5 36. Bxe6+ Kf8 37. Ke2 Ke7 38. Bg8 h6 39. g3 Kd6
40. Kd3 Kc5 41. Bc4 a4 42. f4 Bf6 43. h4 a3 44. h5 Bb2 45. g4 Bf6 46. g5 hxg5
47. fxg5 Bxg5 48. Kc3 Bf6+ 49. Kb3 a2 50. Kxa2 Kxc4 51. b6 Be5 52. Kb1 Kc5 53.
Kc2 Kxb6 54. Kd3 Bf4 0-1

[Event "Campeonato de España Universitario 2011"]
[Site "Alicante ESP"]
[Date "2011.05.10"]
[Round "5.2"]
[White "Mayans Calvo, Mariano"]
[Black "Vila Gazquez, Xavier"]
[Result "0-1"]
[WhiteElo "2230"]
[BlackElo "2494"]
[PlyCount "120"]
[EventDate "2011.05.09"]
[EventType "swiss"]
[EventRounds "9"]
[EventCountry "ESP"]
[Source "lmi"]
[SourceDate "2011.05.09"]

1. c4 Nf6 2. g3 d5 3. cxd5 Nxd5 4. Bg2 g6 5. Nc3 Nb6 6. d3 Bg7 7. Be3 Nc6 8.
Qd2 Nd4 9. Rc1 Nf5 10. Bc5 O-O 11. Nf3 c6 12. O-O Re8 13. e4 Nd7 14. Ba3 Bh6
15. Ng5 Nd4 16. f4 Nf8 17. Qf2 Bg7 18. Kh1 Nfe6 19. Nxe6 Bxe6 20. f5 gxf5 21.
Bh3 fxe4 22. Bxe6 fxe6 23. Qf7+ Kh8 24. Nxe4 Nb5 25. Qxe6 Qd5 26. Qxd5 cxd5 27.
Nc5 Nxa3 28. bxa3 b6 29. Ne6 Rac8 30. Nc7 Red8 31. Nxd5 Rxc1 32. Rxc1 Bh6 33.
Nf4 Bxf4 34. gxf4 Rxd3 35. Re1 Rxa3 36. Kg2 Rxa2+ 37. Kg3 Kg7 38. Rxe7+ Kg6 39.
Rb7 h6 40. Kg4 Rxh2 41. Rxa7 h5+ 42. Kg3 Rb2 43. Rd7 Rb3+ 44. Kh4 Kf5 45. Rf7+
Kg6 46. Rd7 b5 47. Rb7 b4 48. Rb5 Rb1 49. f5+ Kf6 50. Kxh5 b3 51. Kg4 b2 52.
Rb6+ Kf7 53. Rb7+ Ke8 54. Rb8+ Kd7 55. Rb7+ Kc6 56. Rb8 Rg1+ 57. Kf4 b1=Q 58.
Rxb1 Rxb1 59. Ke5 Kd7 60. Kf6 Ke8 0-1